000 00431nam a2200169Ia 4500
003 GCL
008 140319s9999 xx 000 0 eng d
040 _aGCL /
_cGCL
082 0 4 _a914
_bS L
100 1 _aSCHAMA, SIMON
245 1 0 _aLANDSCAPE AND MEMORY /
_cSCHAMA, SIMON
260 _a[S.N] :
_bHARPER COLLINS COLLEGE PUBLISBERS ،
_c1995
300 _a652 P
650 0 4 _aLITERATURE
650 0 4 _aLANDSCAPE
942 _2ddc
_cBK
999 _c10660
_d10660